| 000 | 01445nam a22002537a 4500 | ||
|---|---|---|---|
| 005 | 20120224115839.0 | ||
| 010 | _aB-461643-646 | ||
| 020 |
_a9780143031338 _c175.00 |
||
| 035 | _aB-461643-646 | ||
| 037 | _bVirtuous/Ven | ||
| 082 | _a741.5092 | ||
| 100 |
_aLaxman, R.K. _948745 |
||
| 245 |
_aThe distorted mirror : _cby R.K.Laxman _bstories, travelogues, sketches / |
||
| 260 |
_aNew Delhi _bPenguin Books _c2004 |
||
| 270 |
_a11, Community Centre, panchsheel Park, _bNew Delhi _e110017 |
||
| 300 |
_a160p. _c18cm(pbk) |
||
| 700 | _942986 | ||
| 942 |
_2ddc _cEN _mLAX _hB-461643-646 |
||
| 999 |
_c67075 _d67075 |
||